| 000 | 00751cam a22002654a 4500 | ||
|---|---|---|---|
| 999 |
_c499 _d499 |
||
| 001 | 13197477 | ||
| 003 | OSt | ||
| 005 | 20190918125952.0 | ||
| 008 | 030514s2003 njua 001 0 eng | ||
| 010 | _a 2003106966 | ||
| 020 | _a1929007167 (pbk.) | ||
| 040 |
_aDLC _cDLC _dDLC |
||
| 042 | _apcc | ||
| 050 | 0 | 0 |
_aQM451 _b.F44 2003 |
| 082 | 0 | 0 |
_aWL102 F341n 2003 _222 |
| 100 | 1 |
_aFelten, David L. _9378 |
|
| 245 | 1 | 0 | _aNetter's Atlas of Human Neuroscience |
| 250 | _a1st ed. | ||
| 260 |
_aTeterboro, N.J. : _bIcon Learning Systems, _cc2003. |
||
| 300 |
_axv, 310 p. : _bill. (chiefly col.) ; _c28 cm. |
||
| 504 | _aIncludes index. | ||
| 650 | 0 |
_aNervous system atlas _9379 |
|
| 906 |
_a7 _bcbc _corignew _d2 _eepcn _f20 _gy-gencatlg |
||
| 942 |
_2z _cSLOAN |
||